MARC details
| 000 -CABECERA |
| campo de control de longitud fija |
01799nam a2200337 i 4500 |
| 001 - NÚMERO DE CONTROL |
| campo de control |
000013665 |
| 003 - IDENTIFICADOR DEL NÚMERO DE CONTROL |
| campo de control |
DO-SdBNP |
| 005 - FECHA Y HORA DE LA ÚLTIMA TRANSACCIÓN |
| campo de control |
20260429135248.0 |
| 007 - CAMPO FIJO DE DESCRIPCIÓN FÍSICA--INFORMACIÓN GENERAL |
| campo de control de longitud fija |
ta |
| 008 - DATOS DE LONGITUD FIJA--INFORMACIÓN GENERAL |
| campo de control de longitud fija |
091127t1986 dr 001 e spa d |
| 040 ## - FUENTE DE LA CATALOGACIÓN |
| Centro catalogador/agencia de origen |
DO-SdBNP |
| Lengua de catalogación |
spa |
| Centro/agencia transcriptor |
BNPHU |
| Normas de descripción |
rda |
| 041 ## - CÓDIGO DE LENGUA |
| Código de lengua original |
spa |
| 082 #4 - NÚMERO DE LA CLASIFICACIÓN DECIMAL DEWEY |
| Número de clasificación |
RD864.44 |
| Número de documento/Ítem |
R789e |
| Número de edición |
22 |
| 100 1# - ENTRADA PRINCIPAL--NOMBRE DE PERSONA |
| Nombre de persona |
Rosario Candelier, Bruno, |
| Fechas asociadas al nombre |
1941- |
| Término indicativo de función/relación |
autor |
| Código de función/relación |
aut. |
| 9 (RLIN) |
851 |
| 245 10 - MENCIÓN DE TÍTULO |
| Título |
Ensayos literarios / |
| Mención de responsabilidad, etc. |
Bruno Rosario Candelier |
| 264 #4 - PRODUCCIÓN, PUBLICACIÓN, DISTRIBUCIÓN, FABRICACIÓN Y COPYRIGHT |
| Producción, publicación, distribución, fabricación y copyright |
Santo Domingo : |
| Nombre del de productor, editor, distribuidor, fabricante |
Biblioteca Nacional Pedro Henríquez Ureña (BNPHU), |
| Fecha de producción, publicación, distribución, fabricación o copyright |
©1996. |
| 300 ## - DESCRIPCIÓN FÍSICA |
| Extensión |
370 páginas ; |
| Dimensiones |
23 cm. |
| 336 ## - TIPO DE CONTENIDO |
| Término de tipo de contenido |
texto |
| Código de tipo de contenido |
txt |
| Fuente |
rdacontent |
| 337 ## - TIPO DE MEDIO |
| Nombre/término del tipo de medio |
sin mediación |
| Código del tipo de medio |
n |
| Fuente |
rdamedia |
| 338 ## - TIPO DE SOPORTE |
| Nombre/término del tipo de soporte |
volumen |
| Código del tipo de soporte |
nc |
| Fuente |
rdacarrier |
| 490 0# - MENCIÓN DE SERIE |
| Mención de serie |
Colección Orfeo |
| 500 ## - NOTA GENERAL |
| Nota general |
Incluye referencias bibliografías y notas al pie de las páginas. |
| 505 0# - NOTA DE CONTENIDO CON FORMATO |
| Nota de contenido con formato |
Caracteres de la literatura -- |
| Título |
Los géneros literarios -- |
| -- |
Método de enseñanza de la literatura -- |
| -- |
Literatura y educación -- |
| -- |
Semántica y literatura -- |
| -- |
Fundamentos de la producción textual -- |
| -- |
Conclusiones-- |
| -- |
Poesía y plenitud / |
| -- |
Narración y cuento / |
| -- |
Julio Cortazar: literatura y liberación-- |
| -- |
Pretextos-- |
| -- |
La novela dominicana 1882-1982-- |
| -- |
Grecia, patria de filósofos-- |
| -- |
Aspectos de la sociedad y la cosmovisión de la antigua Grecia, en Homero-- |
| -- |
La visión de Teilhard de Chardin -- |
| -- |
El nuevo papel de los Ateneos y Asociaciones Culturales |
| -- |
En torno a mi tesis -- |
| -- |
Diálogo con Gabriel García Márquez -- |
| -- |
Encuentro con Mario Vargas Llosa. |
| 590 ## - NOTA LOCAL (RLIN) |
| Nota local |
Inventariado, 2023/BT |
| 650 #7 - PUNTO DE ACCESO ADICIONAL DE MATERIA--TÉRMINO DE MATERIA |
| Término de materia o nombre geográfico como elemento de entrada |
Ensayos dominicanos |
| 9 (RLIN) |
65 |
| Fuente del encabezamiento o término |
LEMB |
| 650 #7 - PUNTO DE ACCESO ADICIONAL DE MATERIA--TÉRMINO DE MATERIA |
| Término de materia o nombre geográfico como elemento de entrada |
Literatura dominicana. |
| 9 (RLIN) |
67 |
| Fuente del encabezamiento o término |
LEMB |
| 650 #0 - PUNTO DE ACCESO ADICIONAL DE MATERIA--TÉRMINO DE MATERIA |
| Término de materia o nombre geográfico como elemento de entrada |
Literatura |
| Subdivisión general |
Historia y crítica |
| 9 (RLIN) |
835 |
| 710 2# - PUNTO DE ACCESO ADICIONAL--NOMBRE DE ENTIDAD CORPORATIVA |
| Nombre de entidad corporativa o nombre de jurisdicción como elemento de entrada |
Biblioteca Nacional Pedro Henríquez Ureña |
| 9 (RLIN) |
81292 |
| 910 ## - DATOS DE OPCIÓN DEL USUARIO (OCLC) |
| Datos de opción del usuario |
Validado. Control de calidad EMS. |
| 942 ## - ELEMENTOS DE PUNTO DE ACCESO ADICIONAL (KOHA) |
| Fuente del sistema de clasificación o colocación |
Dewey Decimal Classification |
| Tipo de ítem Koha |
Libro |